00702nam a2200169 a 450000100100000000500170001000800410002704000250006808200160009310000280010924500900013726000710022730000350029804900090033395201730034299900170051500002695120200930030517.0110328s1953 dr ac 000 | spa d aDO-SdBNPbspacBNPHU axxxxbP438g1 aPérez Ortiz, R.9244210aGlosas de la ausencia y del retorno :brutas de gloria y de amor /cR. Pérez Ortiz. aCiudad Trujillo, República Dominicana :bImprenta Rincon,c1953. a86 p. :bil., retrs. ;c24 cm. aBNPD 001050718RVaPDbPDcHDd2011-03-28iLF1l0oxxxx P438gp26951-10r2020-06-25w2020-06-25y1zPerteneció a la biblioteca personal de Martínez Boog.ZNo se presta c26443d26443